Desde adentro. La educación popular vista por sus practicantes/
Збережено в:
| Співавтор: | |
|---|---|
| Інші автори: | , , , , , |
| Формат: | Книга |
| Мова: | Spanish |
| Опубліковано: |
Santiago, Chile:
CEAAL
1990
|
| Предмети: | |
| Теги: |
Додати тег
Немає тегів, Будьте першим, хто поставить тег для цього запису!
|
MARC
| LEADER | 00000nam a22000007i 4500 | ||
|---|---|---|---|
| 003 | cru CRAI-IIS | ||
| 005 | 20220317120518.0 | ||
| 007 | ta | ||
| 008 | 210910b1990 cr ||||| |||| 00| 0 spa d | ||
| 040 | |b spa | ||
| 090 | |a 06.03.04 C755d | ||
| 110 | 2 | |9 6497 |a Consejo de Educación de Adultos de América Latina | |
| 245 | 1 | |a Desde adentro. |b La educación popular vista por sus practicantes/ |c Consejo de Educación de Adultos de América Latina; Carlos Núñez; Andés Caruso y otros | |
| 260 | |a Santiago, Chile: |b CEAAL |c 1990 | ||
| 300 | |a 170 páginas | ||
| 500 | |a Colección Alforja | ||
| 505 | |a INDICE 1. INTRODUCCIÓN 2. El contenido de nuestras prácticas 3. La educación popular y las organizaciones sociales y políticas 4. Cultura y saber popular 5. Educación popular e ideología 6. La comunicación popular 7. La Investigación y la educación popular 8. Educación popular y sistemas formales de educación 9. Educación popular y desarrollo local 10. Educación popular y procesos de capacitación Una visión global ANEXO 1. Resúmenes de resultados ANEXO 2. Centros participantes en la consulta ANEXO 3. Bibliografía básica | ||
| 650 | 0 | 0 | |0 TESAUROS |2 CLACSO |9 291 |a EDUCACION POPULAR |
| 650 | 0 | 0 | |2 OCDE |9 3696 |a EDUCACION POLITICA |0 TESAUROS |
| 650 | 0 | 4 | |2 OCDE |9 5078 |a COMUNICACION DE MASAS |0 TESAUROS |
| 650 | 0 | 0 | |2 OCDE |9 3 |a MOVIMIENTOS SOCIALES |0 TESAUROS |
| 650 | 0 | 0 | |9 3642 |a DOCTRINAS POLITICAS |0 TESAUROS |
| 700 | 1 | |9 7331 |a Núñez, Carlos | |
| 700 | 1 | |9 10078 |a Caruso, Ardés | |
| 700 | 1 | |9 7343 |a Souza, Joao Francisco de | |
| 700 | 1 | |9 10079 |a Osorio, Jorge | |
| 700 | 1 | |9 7369 |a Rosero, Rocío | |
| 700 | 1 | |9 5488 |a Fals Borda, Orlando | |
| 942 | |2 z |c LI | ||
| 999 | |c 43856 |d 43856 | ||
